<?xml version="1.0" encoding="UTF-8"?>
<record
    xmlns:xsi="http://www.w3.org/2001/XMLSchema-instance"
    xsi:schemaLocation="http://www.loc.gov/MARC21/slim http://www.loc.gov/standards/marcxml/schema/MARC21slim.xsd"
    xmlns="http://www.loc.gov/MARC21/slim">

  <leader>01689na  a2200433   4500</leader>
  <controlfield tag="001">17721</controlfield>
  <controlfield tag="003">MIRAKIL</controlfield>
  <controlfield tag="005">20181213155009.0</controlfield>
  <controlfield tag="008">161103b        tu            000 0      </controlfield>
  <datafield tag="035" ind1=" " ind2=" ">
    <subfield code="a">17721</subfield>
  </datafield>
  <datafield tag="040" ind1=" " ind2=" ">
    <subfield code="a">Milas</subfield>
    <subfield code="b">tur</subfield>
    <subfield code="c">TR-AnCHP</subfield>
  </datafield>
  <datafield tag="041" ind1=" " ind2=" ">
    <subfield code="a">tur</subfield>
  </datafield>
  <datafield tag="082" ind1=" " ind2=" ">
    <subfield code="a">CHP 324.2372</subfield>
    <subfield code="b">C36o 2005</subfield>
  </datafield>
  <datafield tag="090" ind1=" " ind2=" ">
    <subfield code="a">CHP 324.2372 C36o 2005</subfield>
  </datafield>
  <datafield tag="111" ind1=" " ind2=" ">
    <subfield code="a">CHP Ola&#x11F;an Kurultay</subfield>
    <subfield code="c">Ankara</subfield>
    <subfield code="d">19-20 Kas&#x131;m 2005</subfield>
    <subfield code="n">31.</subfield>
  </datafield>
  <datafield tag="222" ind1=" " ind2=" ">
    <subfield code="a">31. Ola&#x11F;an Kurultay Parti Meclisi &#xE7;al&#x131;&#x15F;ma raporu</subfield>
  </datafield>
  <datafield tag="245" ind1=" " ind2=" ">
    <subfield code="a">Cumhuriyet Halk Partisi 31. Ola&#x11F;an Kurultay&#x131;</subfield>
    <subfield code="b">19-20 Kas&#x131;m 2005 / Ankara</subfield>
    <subfield code="c">Cumhuriyet Halk Partisi</subfield>
  </datafield>
  <datafield tag="246" ind1=" " ind2=" ">
    <subfield code="a">31. Ola&#x11F;an Kurultay Parti Meclisi &#xE7;al&#x131;&#x15F;ma raporu</subfield>
  </datafield>
  <datafield tag="246" ind1=" " ind2=" ">
    <subfield code="a">CHP 31.Ola&#x11F;an Kurultay&#x131;</subfield>
  </datafield>
  <datafield tag="246" ind1=" " ind2=" ">
    <subfield code="a">Ola&#x11F;an Kurultay</subfield>
  </datafield>
  <datafield tag="246" ind1=" " ind2=" ">
    <subfield code="a">31.Ola&#x11F;an Kurultay</subfield>
  </datafield>
  <datafield tag="246" ind1=" " ind2=" ">
    <subfield code="a">Parti Meclisi &#xE7;al&#x131;&#x15F;ma raporu</subfield>
  </datafield>
  <datafield tag="260" ind1=" " ind2=" ">
    <subfield code="a">Ankara</subfield>
    <subfield code="b">CHP</subfield>
    <subfield code="c">[2005]</subfield>
  </datafield>
  <datafield tag="300" ind1=" " ind2=" ">
    <subfield code="a">[7], 351,167 s.</subfield>
    <subfield code="b">rnkl. fotg.,</subfield>
    <subfield code="c">29 sm.</subfield>
  </datafield>
  <datafield tag="490" ind1=" " ind2=" ">
    <subfield code="a">Cumhuriyet Halk Partisi yay&#x131;nlar&#x131;</subfield>
  </datafield>
  <datafield tag="500" ind1=" " ind2=" ">
    <subfield code="a">Ara kapakta ad&#x131; :  Parti Meclisi &#xE7;al&#x131;&#x15F;ma raporu : 31. Ola&#x11F;an Kurultay : 26-27 Nisan 2008 / Ankara</subfield>
  </datafield>
  <datafield tag="500" ind1=" " ind2=" ">
    <subfield code="a">D&#x131;&#x15F; kapakta ad&#x131;: 31. Ola&#x11F;an Kurultay : 19-20 Kas&#x131;m 2005/Ankara :  Parti Meclisi &#xE7;al&#x131;&#x15F;ma raporu</subfield>
  </datafield>
  <datafield tag="610" ind1=" " ind2=" ">
    <subfield code="a">Cumhuriyet Halk Partisi</subfield>
  </datafield>
  <datafield tag="610" ind1=" " ind2=" ">
    <subfield code="a">Cumhuriyet Halk Partisi</subfield>
    <subfield code="x">&#xC7;al&#x131;&#x15F;ma raporlar&#x131;</subfield>
  </datafield>
  <datafield tag="610" ind1=" " ind2=" ">
    <subfield code="a">Cumhuriyet Halk Partisi</subfield>
    <subfield code="x">Kurultaylar</subfield>
    <subfield code="y">2005</subfield>
  </datafield>
  <datafield tag="651" ind1=" " ind2=" ">
    <subfield code="a">T&#xFC;rkiye</subfield>
    <subfield code="x">Siyaset ve y&#xF6;netim</subfield>
    <subfield code="y">2005-</subfield>
  </datafield>
  <datafield tag="657" ind1=" " ind2=" ">
    <subfield code="a">CHP Ola&#x11F;an Kurultaylar&#x131;</subfield>
  </datafield>
  <datafield tag="740" ind1=" " ind2=" ">
    <subfield code="a">31. Ola&#x11F;an Kurultay Parti Meclisi &#xE7;al&#x131;&#x15F;ma raporu</subfield>
  </datafield>
  <datafield tag="740" ind1=" " ind2=" ">
    <subfield code="a">31. Ola&#x11F;an Kurultay</subfield>
  </datafield>
  <datafield tag="740" ind1=" " ind2=" ">
    <subfield code="a">CHP 31. Ola&#x11F;an Kurultay&#x131;</subfield>
  </datafield>
  <datafield tag="740" ind1=" " ind2=" ">
    <subfield code="a">Ola&#x11F;an Kurultay</subfield>
  </datafield>
  <datafield tag="830" ind1=" " ind2=" ">
    <subfield code="a">CHP yay&#x131;nlar&#x131;</subfield>
  </datafield>
  <datafield tag="942" ind1=" " ind2=" ">
    <subfield code="2">ddc</subfield>
    <subfield code="c">BKS</subfield>
  </datafield>
  <datafield tag="952" ind1=" " ind2=" ">
    <subfield code="a">0001</subfield>
    <subfield code="b">0001</subfield>
    <subfield code="d">2016-11-03</subfield>
    <subfield code="e">2</subfield>
    <subfield code="l">0</subfield>
    <subfield code="o">CHP 324.2372 C36o 2005</subfield>
    <subfield code="p">009050</subfield>
    <subfield code="r">2016-11-03 00:00:00</subfield>
    <subfield code="v">0.00</subfield>
    <subfield code="w">2016-11-03</subfield>
    <subfield code="y">BKS</subfield>
  </datafield>
  <datafield tag="952" ind1=" " ind2=" ">
    <subfield code="a">0001</subfield>
    <subfield code="b">0001</subfield>
    <subfield code="d">2016-11-03</subfield>
    <subfield code="e">2</subfield>
    <subfield code="l">0</subfield>
    <subfield code="o">CHP 324.2372 C36o 2005</subfield>
    <subfield code="p">009051</subfield>
    <subfield code="r">2016-11-03 00:00:00</subfield>
    <subfield code="t">k.2</subfield>
    <subfield code="v">0.00</subfield>
    <subfield code="w">2016-11-03</subfield>
    <subfield code="y">BKS</subfield>
  </datafield>
  <datafield tag="952" ind1=" " ind2=" ">
    <subfield code="a">0001</subfield>
    <subfield code="b">0001</subfield>
    <subfield code="d">2016-11-03</subfield>
    <subfield code="e">2</subfield>
    <subfield code="l">0</subfield>
    <subfield code="o">CHP 324.2372 C36o 2005</subfield>
    <subfield code="p">009052</subfield>
    <subfield code="r">2016-11-03 00:00:00</subfield>
    <subfield code="t">k.3</subfield>
    <subfield code="v">0.00</subfield>
    <subfield code="w">2016-11-03</subfield>
    <subfield code="y">BKS</subfield>
  </datafield>
  <datafield tag="952" ind1=" " ind2=" ">
    <subfield code="a">0001</subfield>
    <subfield code="b">0001</subfield>
    <subfield code="d">2016-11-11</subfield>
    <subfield code="e">2</subfield>
    <subfield code="l">0</subfield>
    <subfield code="o">CHP 324.2372 C36o 2005</subfield>
    <subfield code="p">009366</subfield>
    <subfield code="r">2016-11-11 00:00:00</subfield>
    <subfield code="t">k.4</subfield>
    <subfield code="v">0.00</subfield>
    <subfield code="w">2016-11-11</subfield>
    <subfield code="y">BKS</subfield>
  </datafield>
  <datafield tag="999" ind1=" " ind2=" ">
    <subfield code="c">4540</subfield>
    <subfield code="d">4540</subfield>
  </datafield>
</record>
